000 00338nam a2200133Ia 4500
008 220217s9999||||xx |||||||||||||| ||und||
020 _a81-317-0008-9
082 _a821 MAX
100 _aMaxwell, John, C
_94697
245 0 _a360 leader
260 _aPearson education
_bNew Delhi
_c2006
300 _b450
650 _aGENERAL BOOKS
999 _c174486
_d174486